000 00864cam a2200265 a 4500
001 3135
005 20240208111240.0
020 _a9780152048549
040 _aDLC
_cDLC
_dDLC
_beng
050 0 0 _aPZ8.3.K275
_b 1999
082 0 0 _a372.6
100 1 _aKeller, Holly
245 1 0 _aWhat I see /
_cKeller, Holly
250 _aFirst green light readers edition 1999
260 _aSan Diego :
_bGreen Light Readers/Harcourt, Inc.
_c1999
300 _a19 unnumbered pages :
_bcolor illustrations ;
_c22 cm.
490 _a Green Light Readers
_vBook 1
505 _aC
520 _aIllustrations and simple rhyming text describe what a child sees around the house and garden.
521 0 _a70
_bLexile
521 0 _aC
_bRaz-Plus
650 1 _afive senses
_vjuvenile fiction
906 _a7
_bcbc
_corignew
_d1
_eocip
_f19
_gy-gencatlg
942 _2ddc
_cBK
_n0
999 _c3135
_d3135